000 00761nam a2200253 a 4500
005 20200104041524.0
008 140121b1998 ck ||||| |||| 00| 0 spa d
041 _aspa
090 _aIAvH
_b00090
100 1 _aPonce de León, Eugenia
_94218
245 1 0 _aAspectos legales relacionados con los humedales en Colombia
260 _aBogotá :
_bInstituto Alexander von Humboldt,
_c1998.
300 _a80 p.
_c28 cm.
650 6 _aHumedales
_927570
650 6 _aLegislación
_927571
650 6 _aOrdenamiento territorial
_927572
650 6 _aUso del suelo
_93216
650 6 _aAreas protegidas
_978
650 4 _aLegislación ambiental
_927574
650 6 _aIncentivos
_927575
650 _aDesincentivos
_94337
662 _aColombia
942 _cINFORME
_2z
999 _c1722
_d1722